| 000 | 00380nam a2200145Ia 4500 | ||
|---|---|---|---|
| 008 | 160319s9999 xx 000 0 und d | ||
| 020 | _a9719285532 | ||
| 050 | _bIb13 2005 | ||
| 245 | _aIbong Adarna / | ||
| 245 | _cinihanda ni Tomas C. Ongoco. | ||
| 260 | _bAlberto Enrico Educational Center | ||
| 260 | _c2005 | ||
| 300 | _a202 pages : | ||
| 650 | _aFolk literature, Filipino | ||
| 999 |
_c292299 _d292299 |
||